000 00621nam a2200205Ia 4500
003 GCL
008 140319s9999 xx 000 0 ara d
040 _aGCL /
_cGCL
082 0 4 _a890.62
_bا م
100 1 _aفوزى العنتيل
245 1 0 _aالمحراث والنجوم /
_cفوزى العنتيل
700 1 _aاوكيس, شون
700 1 _aعبدالله عبدالحافظ متولى
300 _a66 ص
490 _aروائع المسرح العالمى
_v0
650 0 4 _aمسرحيات
650 0 4 _aالادب الايرلندى
650 0 4 _aالمسرح الايرلندى
942 _2ddc
_cBK
999 _c38442
_d38442